| 000 | 00736nam a2200241 i 4500 | ||
|---|---|---|---|
| 001 | 12642 | ||
| 003 | ES-MaACL | ||
| 005 | 20251116063052.0 | ||
| 007 | t| | ||
| 008 | 000000s1978 sp |||| |dspa d | ||
| 020 | _a84-7232-186-X | ||
| 080 | _a821.134.2(861)-14"19" | ||
| 080 | _a821.134.2(861-21"19" | ||
| 100 | 1 |
_aRojas, Jorge, _d1911-1995 _9162781 |
|
| 245 | 1 | 0 |
_aObras completas / _cJorge Rojas. |
| 260 |
_aMadrid : _bCultura Hispánica, _c1978. |
||
| 300 |
_a430 p. ; _c21 cm. |
||
| 490 | 1 |
_aPoesía de España y América. La encina y el mar ; _v57 |
|
| 500 | _aÍndice. | ||
| 830 | 1 |
_aPoesía de España y América. La encina y el mar ; _v57 _9179340 |
|
| 852 |
_aES-MaACL _jL-20085 |
||
| 999 |
_c12642 _d12642 |
||